000 01950nam2a2200289 4500
001 RU\NLR\bibl\2056465
005 20260407190607.0
021 _aRU
_b2013-49460
_93424
035 _a(NLR Aleph) 002043350
090 _a4606702
_c4606702
100 _a20130723d2012 |||y0rusy50 ca
101 0 _arus
102 _aRU
105 _ay |||||||||
200 1 _aТехнология обработки конструкционных материалов и элементы машиноведения. Художественная обработка материалов. Техническое творчество. Введение в художественноеконструирование. Строительные, ремонтно-отделочные работы
210 _d2012
_aБ. м.
215 _a75 с.
461 0 _1001RU\NLR\bibl\2066775
_12001#$aОбразовательная область "Технология"$vЧ. 2
_94651602
_cМосква
_d2012
_fДеп. образования г. Москвы, Гос. бюджет. образоват. учреждение высш. проф. образования г. Москвы "Моск. гор. пед. ун-т" (ГБОУ ВПО МГПУ), Фундам. б-ка
_nМГПУ
_oрекомендательный библиографический указатель
_tОбразовательная область "Технология"
_vЧ. 2
606 1 _aТехнологические процессы
_jБиблиография рекомендательная
_91963949
_3RU\NLR\auth\66899282
686 _aЖ6я15
712 0 2 _4570
_aМосковский городской педагогический университет
_bФундаментальная библиотека
_9744585
_3RU\NLR\AUTH\8810123405
801 0 _aRU
_bNLR
_c20130723
_gRCR
801 1 _aRU
_bNLR
_c20130723
942 _cBOOK
980 _aNB